| 000 | 00366nam a22001577a 4500 | ||
|---|---|---|---|
| 999 |
_c522697 _d522697 |
||
| 003 | NUST | ||
| 020 | _a0006479677 | ||
| 038 | _awaseem | ||
| 082 |
_a813.54 _bSHE |
||
| 100 |
_aSheldon, Sidney _9931 |
||
| 245 |
_aIf Tomorrow Comes / _bSidney Sheldon |
||
| 260 |
_aLondon : _bHarper Collins, _c1986. |
||
| 300 | _a501 p. ; | ||
| 500 | _aPaperback. | ||
| 942 |
_2ddc _cBK |
||